| 000 | 00489nam a2200169 a 4500 | ||
|---|---|---|---|
| 001 | 000028142 | ||
| 005 | 20200930031402.0 | ||
| 008 | 110407s2007 dr a 000 0 spa d | ||
| 020 | _a9789945160758 | ||
| 040 |
_aDO-SdBNP _bspa _cBNPHU |
||
| 082 |
_axxx _bG633s |
||
| 100 | 1 |
_aGómez Sotolongo, Antonio _955144 |
|
| 245 | 1 | 0 |
_aSin embargo son, con embargo salsa / _cAntonio Gómez Sotolongo. |
| 260 |
_aSanto Domingo : _bBúho, _c2007. |
||
| 300 |
_a34 p. : _bil. ; _c22 cm. |
||
| 049 | _aBNPD | ||
| 999 |
_c27634 _d27634 |
||